| 000 | 00851nam a2200277Ia 4500 | ||
|---|---|---|---|
| 003 | GCL | ||
| 008 | 140319s9999 xx 000 0 ara d | ||
| 040 |
_aGCL / _cGCL |
||
| 082 | 0 | 4 |
_a658.404 _bح ا |
| 100 | 1 | _aحامد احمد رمضان بدر | |
| 245 | 1 | 0 |
_aادارة المنظمات : اتجاة شرطى / _cحامد احمد رمضان بدر |
| 260 |
_a[S.N] : _bدار النهضة العربية ، _c1993 |
||
| 300 | _a380 ص | ||
| 490 | _a | ||
| 650 | 0 | 4 | _aادارة الاعمال |
| 650 | 0 | 4 | _aالادارة |
| 650 | 0 | 4 | _aالتخطيط |
| 650 | 0 | 4 | _aالتنظيم |
| 650 | 0 | 4 | _aادارة الافراد |
| 650 | 0 | 4 | _aالمحاسبة الادارية |
| 650 | 0 | 4 | _aالسلطة |
| 650 | 0 | 4 | _aالمسئولية |
| 650 | 0 | 4 | _aتقييم الاداء |
| 650 | 0 | 4 | _aاتخاذ القرارات |
| 942 |
_2ddc _cBK |
||
| 999 |
_c36828 _d36828 |
||